• 首页
  • 本馆介绍
  • 公告通知
  • 最新文献
  • 馆藏检索
  • 电子资源
  • 读者导购
  • 参考咨询
  • 我的图书馆
  • 登录
  • 详细信息显示
  • 放入我的书架
  • 预约/预借图书
  • 作者相关作品
  • 分类相关作品
  • 丛书相关作品
  • 出版社相关作品

书目信息

  • 表格格式
  • 工作单格式
  • 卡片格式
题名:
词汇语义和计算语言学
    
 
作者: 林杏光
分册:  
出版信息: 北京   语文出版社  1999
页数: 384页
开本: 20cm
丛书名:
单 册:
中图分类: H087
科图分类:
主题词: 应用语言学
电子资源:
ISBN: 7-80126-488-6
000 00518nam0 2200181 450
001 0728815141
005 20070819080015.14
010    @a7-80126-488-6@d¥19.00
100    @a20070819d km y0chiy0120 ea
101 0  @achi
200 1  @a词汇语义和计算语言学@Aci hui yu yi he ji suan yu yan xue@f林杏光@Flin xing guang
210    @a北京@c语文出版社@d1999
215    @a384页@d20cm
606 0  @a应用语言学
690    @aH087@v3
701  0 @a林杏光@Alin xing guang
801  0 @aCN@bPFT@c20070819
905    @a213230@dH087@eZW107@f1
    
    词汇语义和计算语言学/林杏光.-北京:语文出版社,1999
    384页;20cm
    
    
    ISBN 7-80126-488-6:¥19.00
    
●
相关链接 在E读中查询图书 在五车中查询图书 在当当中查询图书 在豆瓣中查询图书


正题名:词汇语义和计算语言学     索取号:H087/ZW107         预约/预借

序号 登录号 条形码 馆藏地/架位号 状态 备注
1 7615093   276150932   密集书库-文学院/ [索取号:H087/ZW107] 在馆    
唐山师范学院图书馆 欢迎您!
大连网信软件有限公司© 版权所有